Normal view
MARC view
Entry Personal Name
001 - CONTROL NUMBER
- control field: 41978
003 - CONTROL NUMBER IDENTIFIER
- control field: ARRUPE
005 - DATE AND TIME OF LATEST TRANSACTION
- control field: 20180904124444.0
008 - FIXED-LENGTH DATA ELEMENTS
- fixed length control field: 180904|| aca||aabn | a|a d
040 ## - CATALOGING SOURCE
- Original cataloging agency: ARRUPE
- Transcribing agency: ARRUPE
100 ## - HEADING--PERSONAL NAME
- Personal name: Peerenboom, R. P.
- Fuller form of name: (Randall P.),
- Dates associated with a name: 1958-
670 ## - SOURCE DATA FOUND
- Source citation: Work cat.: (ARRUPE)0: Peerenboom, R. P. (Randall P.), 1958-, China modernizes :, 2007.